[Event "Schwaebische Meisterschaft 2024 B-Open"]
[Site "Augsburg"]
[Date "2024.05.10"]
[Round "4.9"]
[White "Lorenz, Oda"]
[Black "Fendt, Valentino"]
[Result "1-0"]
[WhiteElo "1813"]
[BlackElo "1024"]
[EventDate "2024.??.??"]
[PlyCount "95"]
[WhiteTeam "SG Augsburg 1873"]
[BlackTeam "SK Friedberg"]

1.e4 e5 2.Nf3 Nf6 3.Bc4 Nxe4 4.Nxe5 d5 5.Bb3 Bd6 6.d4 c6 7.O-O O-O 8.c4 
Re8 9.cxd5 Bxe5 10.dxe5 Rxe5 11.dxc6 Qxd1 12.Rxd1 Nxc6 13.Bf4 Re8 14.f3 
Nc5 15.Nc3 Nxb3 16.axb3 Be6 17.Nb5 Bxb3 18.Rd7 a6 19.Nd6 Re7 20.Rxb7 Rxb7 
21.Nxb7 Nd4 22.Kf2 Re8 23.Rxa6 Re2+ 24.Kg3 h6 25.Nd6 Rxb2 26.Be3 Ne2+ 27.
Kh3 Be6+ 28.Kh4 Rb4+ 29.Ne4 Nc3 30.Bd2 Ra4 31.Rxe6 fxe6 32.Bxc3 Kf7 33.g4 
g6 34.Bd2 Ra2 35.h3 Ra3 36.Kg3 g5 37.Bc3 Ra7 38.h4 Kg6 39.hxg5 hxg5 40.Bf6
Ra5 41.Bxg5 Rxg5 42.Nxg5 Kxg5 43.f4+ Kf6 44.Kf3 Kg6 45.Ke4 Kf6 46.Kd4 Kg6 
47.Ke5 Kf7 48.g5 1-0

[Event "Schwaebische Meisterschaft 2024 B-Open"]
[Site "Augsburg"]
[Date "2024.05.09"]
[Round "2.10"]
[White "Schwarz, Susanne"]
[Black "Nieland, Klaus"]
[Result "0-1"]
[WhiteElo "1597"]
[BlackElo "1745"]
[EventDate "2024.??.??"]
[PlyCount "62"]
[WhiteTeam "SC Starnberg"]
[BlackTeam "SC Starnberg"]

1.e4 e6 2.d4 c5 3.c3 Nc6 4.Nf3 d5 5.e5 Qb6 6.Be2 Bd7 7.b3 cxd4 8.cxd4 Bb4+
9.Bd2 Nxd4 10.O-O Rc8 11.Be3 Nxf3+ 12.Bxf3 Bc5 13.Re1 Ne7 14.Nc3 Nf5 15.
Bxc5 Qxc5 16.Rc1 Qb4 17.Qd2 O-O 18.Qb2 a5 19.a3 Qb6 20.a4 Rc7 21.Ne2 Rfc8 
22.Rxc7 Rxc7 23.Nf4 Bxa4 24.Bd1 Nd4 25.Re3 Bd7 26.Qa3 Nf5 27.Re1 Rc3 28.
Ne2 Rc8 29.Nf4 Qc5 30.Qb2 Qc1 31.Qe2 Qxf4 0-1

[Event "Schwaebische Meisterschaft 2024 B-Open"]
[Site "Augsburg"]
[Date "2024.05.10"]
[Round "4.10"]
[White "Berger, Siegfried"]
[Black "Kissel, Ralf"]
[Result "1/2-1/2"]
[WhiteElo "1719"]
[BlackElo "1716"]
[EventDate "2024.??.??"]
[PlyCount "99"]
[WhiteTeam "SK Kriegshaber"]
[BlackTeam "SK Mannheim 1946"]

1.e4 e6 2.d4 d5 3.exd5 exd5 4.Bf4 Nf6 5.Bd3 c5 6.dxc5 Bxc5 7.Qe2+ Be7 8.h3
O-O 9.Qd1 Re8 10.Ne2 Nc6 11.a3 Bd6 12.O-O Qc7 13.Bxd6 Qxd6 14.Nd2 Bd7 15.
Re1 a6 16.b4 Ne5 17.Nc4 Qc7 18.Nxe5 Rxe5 19.Qd2 Re7 20.Nd4 Rae8 21.Rxe7 
Rxe7 22.Re1 Qd8 23.Nb3 Qe8 24.Rxe7 Qxe7 25.Nc5 Bc6 26.Kf1 Qd6 27.g3 g6 28.
f4 Nh5 29.Qf2 Qf6 30.Be2 Qa1+ 31.Qe1 Qxe1+ 32.Kxe1 Nxg3 33.Bf3 Ne4 34.Nb3 
f5 35.Nd4 Kf7 36.Be2 Bd7 37.Nf3 Ke6 38.c4 dxc4 39.Bxc4+ Kd6 40.Ne5 Ba4 41.
Ke2 Be8 42.Ke3 Nf6 43.Be2 Nd5+ 44.Kf3 b5 45.h4 Ne7 46.Nd3 Nd5 47.Nc5 Nc7 
48.Ke3 Bc6 49.Kd4 Ba8 50.Bd1 1/2-1/2

[Event "Schwaebische Meisterschaft 2024 B-Open"]
[Site "Augsburg"]
[Date "2024.05.09"]
[Round "2.8"]
[White "Schneider, Sebastian"]
[Black "Kissel, Ralf"]
[Result "1-0"]
[WhiteElo "1551"]
[BlackElo "1716"]
[EventDate "2024.??.??"]
[PlyCount "95"]
[WhiteTeam "SK Friedberg"]
[BlackTeam "SK Mannheim 1946"]

1.e4 e6 2.d4 d5 3.exd5 exd5 4.c4 Bb4+ 5.Nc3 Nf6 6.Qa4+ Nc6 7.a3 Bxc3+ 8.
bxc3 h6 9.Nf3 O-O 10.Bd3 Re8+ 11.Be3 Ng4 12.O-O Nxe3 13.fxe3 Rxe3 14.Qc2 
Re7 15.cxd5 Qxd5 16.Rae1 Rxe1 17.Rxe1 Bd7 18.Qb2 b6 19.Be4 Qc4 20.Ne5 Nxe5
21.Bxa8 Ng6 22.Be4 Nf4 23.Qb4 Qxb4 24.cxb4 f5 25.Bb7 Kf8 26.d5 g5 27.Bc6 
Bxc6 28.dxc6 Kf7 29.Rd1 Ne6 30.a4 Kf6 31.g3 Ke5 32.Rd7 Kf6 33.Rh7 Kg6 34.
Rh8 Nd4 35.b5 Ne2+ 36.Kf2 Nc3 37.Ra8 Nxa4 38.Rxa7 Nc3 39.Rxc7 Nxb5 40.Rb7 
Kf6 41.Rxb6 Nc7 42.Rb7 Nd5 43.c7 Nxc7 44.Rxc7 h5 45.h3 Kg6 46.Rc6+ Kg7 47.
h4 g4 48.Ke3 1-0

[Event "Schwaebische Meisterschaft 2024 B-Open"]
[Site "Augsburg"]
[Date "2024.05.12"]
[Round "7.10"]
[White "Fendt, Valentino"]
[Black "Kissel, Ralf"]
[Result "1/2-1/2"]
[WhiteElo "1024"]
[BlackElo "1716"]
[EventDate "2024.??.??"]
[PlyCount "74"]
[WhiteTeam "SK Friedberg"]
[BlackTeam "SK Mannheim 1946"]

1.e4 e6 2.d4 d5 3.Nd2 c5 4.exd5 Qxd5 5.Ngf3 cxd4 6.Bc4 Qd6 7.O-O Nc6 8.Nb3
Nf6 9.Nbxd4 Nxd4 10.Nxd4 a6 11.Be3 Qc7 12.Qe2 Bd6 13.h3 O-O 14.Rad1 e5 15.
Nb3 b5 16.Bd5 Nxd5 17.Rxd5 Be6 18.Rxd6 Bxb3 19.Qd2 Be6 20.Bb6 Qe7 21.Rd1 
Qf6 22.Rd8 h6 23.Rxf8+ Rxf8 24.Ba5 Qg6 25.Qd3 Bf5 26.Qd6 Bxc2 27.Qxg6 Bxg6
28.Rd6 Ra8 29.Kf1 f6 30.Rd8+ Rxd8 31.Bxd8 Kf7 32.Ke2 Ke6 33.Kd2 Bb1 34.a3 
e4 35.h4 g6 36.Bb6 h5 37.Be3 Ke5 1/2-1/2

[Event "Schwaebische Meisterschaft 2024 B-Open"]
[Site "Augsburg"]
[Date "2024.05.10"]
[Round "4.6"]
[White "Forster, Rudolf"]
[Black "Nieland, Klaus"]
[Result "1-0"]
[WhiteElo "1900"]
[BlackElo "1745"]
[EventDate "2024.??.??"]
[PlyCount "65"]
[WhiteTeam "SK Friedberg"]
[BlackTeam "SC Starnberg"]

1.e4 g6 2.g3 Bg7 3.Bg2 d6 4.h3 c6 5.Nc3 Qc7 6.Nge2 Nd7 7.d4 e5 8.Be3 Ne7 
9.Qd2 Nb6 10.b3 h6 11.a4 a5 12.Rd1 f5 13.f4 Nd7 14.O-O Nf6 15.fxe5 dxe5 
16.dxe5 Nd7 17.exf5 Nxf5 18.Ne4 Bxe5 19.Bf2 O-O 20.g4 Ne7 21.Qxh6 Bg7 22.
Qd2 Be5 23.c4 c5 24.Bh4 Re8 25.N2c3 Ra6 26.Bxe7 Bd4+ 27.Kh1 Bxc3 28.Nxc3 
Rxe7 29.Nd5 Qd8 30.Nxe7+ Qxe7 31.Bd5+ Kh8 32.Qh6+ Qh7 33.Rf8+ 1-0

[Event "Schwaebische Meisterschaft 2024 B-Open"]
[Site "Augsburg"]
[Date "2024.05.10"]
[Round "4.8"]
[White "Schneider, Sebastian"]
[Black "Zimmermann, Maximilian"]
[Result "1/2-1/2"]
[WhiteElo "1551"]
[BlackElo "1358"]
[EventDate "2024.??.??"]
[Annotator "Max"]
[PlyCount "68"]
[WhiteTeam "SK Friedberg"]
[BlackTeam "SK Koenigsbrunn"]

1.e4 g6 2.d4 d6 3.Nf3 Bg7 4.Nc3 Nf6 5.Bd3 Nbd7 6.O-O O-O 7.Be3 e5 8.dxe5 
Nxe5 9.Nxe5 dxe5 10.Bc4 Qe7 11.Bg5 c6 12.a3 Kh8 13.Qc1 b5 14.Ba2 Be6 15.f4
Bxa2 16.Nxa2 Qc5+ 17.Kh1 Nxe4 18.Qe1 Nxg5 19.fxg5 Rae8 20.Qe4 Qd5 21.Qxd5 
cxd5 22.Nc3 Rc8 23.Nxd5 Rxc2 24.Rab1 Rc5 25.Nf6 Rc7 26.Rbc1 ( 26.Rfc1 Rfc8
27.Rxc7 Rxc7 28.Kg1 a5 29.Rd1 ) 26...Rfc8 27.Rxc7 Rxc7 28.Kg1 a5 29.Rd1 
Bxf6 30.gxf6 h5 31.h3 Rc5 32.Rd8+ Kh7 33.Rf8 Rc7 34.Re8 Rc5 1/2-1/2

[Event "Schwaebische Meisterschaft 2024 B-Open"]
[Site "Augsburg"]
[Date "2024.05.11"]
[Round "6.8"]
[White "Schneider, Sebastian"]
[Black "Nieland, Klaus"]
[Result "0-1"]
[WhiteElo "1551"]
[BlackElo "1745"]
[EventDate "2024.??.??"]
[PlyCount "75"]
[WhiteTeam "SK Friedberg"]
[BlackTeam "SC Starnberg"]

1.e4 g6 2.d4 d6 3.f4 Bg7 4.Nf3 c6 5.Be2 Nf6 6.Nc3 O-O 7.O-O Qc7 8.e5 Ne8 
9.Bd3 e6 10.exd6 Nxd6 11.Ne4 Nxe4 12.Bxe4 Rd8 13.c3 Nd7 14.Bd3 b6 15.Be3 
Bb7 16.Qd2 c5 17.a3 Nf6 18.Qe1 Nd5 19.Qc1 Rac8 20.Be4 Nxe3 21.Bxb7 Qxb7 
22.Qxe3 cxd4 23.cxd4 Rc2 24.Rf2 Rc7 25.Rd1 Qd5 26.Rfd2 Rdc8 27.h3 Rc4 28.
Qb3 b5 29.Rd3 a5 30.Qa2 Qe4 31.b3 Rc2 32.Qb1 Qe2 33.R3d2 Qe3+ 34.Kh1 Rxd2 
35.Rxd2 Rc3 36.Qb2 Rxb3 37.Re2 Qd3 38.Rd2 0-1

[Event "Schwaebische Meisterschaft 2024 B-Open"]
[Site "Augsburg"]
[Date "2024.05.11"]
[Round "5.12"]
[White "Huber, Andreas"]
[Black "Suess, Florian"]
[Result "1-0"]
[WhiteElo "1800"]
[BlackElo "1334"]
[EventDate "2024.??.??"]
[PlyCount "49"]
[WhiteTeam "SK Toeging"]
[BlackTeam "SC Windischeschenbach"]

1.e4 g6 2.d4 Bg7 3.c3 d6 4.Nf3 Nd7 5.Qb3 c5 6.Bc4 e6 7.Bf4 Qc7 8.Na3 a6 9.
O-O b5 10.Be2 Bb7 11.Bxb5 Bxe4 12.Bxd7+ Qxd7 13.Nc4 Bxf3 14.gxf3 Qc6 15.
Nxd6+ Ke7 16.d5 exd5 17.Rfe1+ Kf8 18.Qb7 Qxb7 19.Nxb7 c4 20.Bd6+ Ne7 21.
Bxe7+ Kg8 22.Re2 d4 23.cxd4 Bxd4 24.Rd1 Bb6 25.Bf6 1-0

[Event "Schwaebische Meisterschaft 2024 B-Open"]
[Site "Augsburg"]
[Date "2024.05.09"]
[Round "2.13"]
[White "Fendt, Valentino"]
[Black "Suess, Florian"]
[Result "1-0"]
[WhiteElo "1024"]
[BlackElo "1334"]
[EventDate "2024.??.??"]
[PlyCount "81"]
[WhiteTeam "SK Friedberg"]
[BlackTeam "SC Windischeschenbach"]

1.e4 g6 2.d4 Bg7 3.Nf3 d6 4.Be2 a6 5.O-O b5 6.Be3 Bb7 7.Nbd2 Nd7 8.c3 e5 
9.d5 Ne7 10.c4 bxc4 11.Nxc4 O-O 12.Na5 Qb8 13.Qb3 Bc8 14.Qxb8 Nxb8 15.Rfc1
f5 16.Bg5 Bf6 17.Bxf6 Rxf6 18.Rxc7 fxe4 19.Rxe7 exf3 20.Re8+ Rf8 21.Rxf8+ 
Kxf8 22.Bxf3 Bf5 23.Rc1 e4 24.Be2 Nd7 25.g4 Nc5 26.gxf5 gxf5 27.Nc6 Kf7 
28.Kg2 f4 29.f3 Rg8+ 30.Kf1 exf3 31.Bxf3 Nd3 32.Rc2 Kf6 33.b4 Re8 34.Be2 
Ne5 35.Nxe5 Rxe5 36.Rc6 Rxd5 37.Rxa6 Ke5 38.Ra5 Rxa5 39.bxa5 Kd5 40.Kf2 
Kc6 41.Kf3 1-0

[Event "Schwaebische Meisterschaft 2024 B-Open"]
[Site "Augsburg"]
[Date "2024.05.11"]
[Round "5.8"]
[White "Zimmermann, Maximilian"]
[Black "Kissel, Ralf"]
[Result "1-0"]
[WhiteElo "1358"]
[BlackElo "1716"]
[EventDate "2024.??.??"]
[PlyCount "96"]
[WhiteTeam "SK Koenigsbrunn"]
[BlackTeam "SK Mannheim 1946"]

1.Nf3 e6 2.b3 Nf6 3.Bb2 d5 4.e3 Be7 5.Be2 O-O 6.O-O b6 7.d4 Bb7 8.Nbd2 
Nbd7 9.c4 Re8 10.Rc1 Rc8 11.cxd5 exd5 12.Bd3 Bd6 13.Bb1 Nf8 14.Re1 Re7 15.
Ne5 N6d7 16.f4 f6 17.Nc6 Bxc6 18.Rxc6 Nb8 19.Rc1 Qd7 20.Qf3 Bb4 21.Re2 
Bxd2 22.Rxd2 Rce8 23.Re2 Qd6 24.Bd3 a6 25.Rce1 Qb4 26.Qxd5+ Kh8 27.e4 Rd7 
28.Qh5 Rde7 29.e5 fxe5 30.fxe5 g6 31.Qf3 b5 32.d5 Qc5+ 33.Kh1 Kg8 34.e6 
Nxe6 35.dxe6 Rf8 36.Qe3 Qd6 37.Qe5 Qxe5 38.Rxe5 Rd8 39.Be4 b4 40.Bc1 Rf8 
41.Bg5 Ree8 42.Kg1 Kg7 43.Bd5 h6 44.Bd2 a5 45.Bb7 Rf5 46.Rxf5 gxf5 47.Bf4 
Re7 48.Bxc7 Rxc7 1-0